Normal view
MARC view
- JOYCE,NANCY GOULD FREDERICK
Entry Personal Name
001 - CONTROL NUMBER
- control field: 91054
003 - CONTROL NUMBER IDENTIFIER
- control field: NUST
005 - DATE AND TIME OF LATEST TRANSACTION
- control field: 20220420102016.0
008 - FIXED-LENGTH DATA ELEMENTS
- fixed length control field: 220420|| aca||aabn | a|a d
040 ## - CATALOGING SOURCE
- Original cataloging agency: NUST
- Transcribing agency: NUST
100 ## - HEADING--PERSONAL NAME
- Personal name: JOYCE,NANCY GOULD FREDERICK
670 ## - SOURCE DATA FOUND
- Source citation: Work cat.: (NUST): JOYCE,NANCY GOULD FREDERICK., CONSTRUCTION PROJECT MANAGEMENT /, 2014.
